[Event "Barcelona Pujol Memorial 3rd"]
[Site "Barcelona"]
[Date "2011.10.05"]
[Round "2"]
[White "Munoz Pantoja, Miguel Angel"]
[Black "Lopez Forn, Marc"]
[Result "1-0"]
[WhiteElo "2510"]
[BlackElo "2057"]
[PlyCount "55"]
[EventDate "2011.09.28"]
[EventType "swiss"]
[EventRounds "9"]
[EventCountry "ESP"]
[SourceTitle "EXT 2013"]
[Source "ChessBase"]
[SourceDate "2012.11.22"]
[SourceVersion "1"]
[SourceVersionDate "2012.11.22"]
[SourceQuality "1"]

1. e4 c5 2. Nf3 Nc6 3. d4 cxd4 4. Nxd4 Nf6 5. Nc3 e5 6. Ndb5 d6 7. Bg5 a6 8. Na3 b5 9. Nd5 Be7 10. Bxf6 Bxf6 11. c3 Bg5 12. Nc2 0-0 13. a4 Rb8 14. axb5 axb5 15. Bd3 Be6 16. 0-0 Bxd5 17. exd5 Ne7 18. Nb4 Qd7 19. Ra5 Rb7 20. Qe2 Rfb8 21. Na6 Qd8 22. Rxb5 Rxb5 23. Bxb5 Rb7 24. Nb4 Qa5 25. Bd3 Nxd5 26. Qe4 Nxb4 27. Qxb7 Nxd3 28. b4 1-0

[Event "Llobregat op 3rd"]
[Site "Llobregat"]
[Date "2011.04.30"]
[Round "4"]
[White "Lopez Forn, Marc"]
[Black "Garnier, Alain Robert"]
[Result "1/2-1/2"]
[WhiteElo "2043"]
[BlackElo "1890"]
[PlyCount "61"]
[EventDate "2011.04.02"]
[EventType "swiss"]
[EventRounds "7"]
[EventCountry "ESP"]
[SourceTitle "CBM 142 Extra"]
[Source "ChessBase"]
[SourceDate "2011.06.27"]
[SourceVersion "1"]
[SourceVersionDate "2011.06.27"]
[SourceQuality "1"]

1. e4 c5 2. d4 cxd4 3. c3 d3 4. Bxd3 e5 5. Nf3 d6 6. Nbd2 Nf6 7. Nf1 Be7 8. h3 Qc7 9. Qe2 Nbd7 10. Ng3 0-0 11. 0-0 Nc5 12. Bc2 Re8 13. Be3 Ne6 14. Qd2 Bf8 15. Bb3 a5 16. Ng5 a4 17. Bc2 h6 18. Nxe6 Bxe6 19. f4 Bc4 20. fxe5 Bxf1 21. exf6 Bc4 22. Nf5 Re6 23. fxg7 Bxg7 24. Bxh6 Bxh6 25. Nxh6+ Kf8 26. Nf5 Rg6 27. Kh1 Qc5 28. Nh4 Rg7 29. Nf5 Rg6 30. Nh4 Rg7 31. Nf5 1/2-1/2

[Event "Llobregat op 3rd"]
[Site "Llobregat"]
[Date "2011.04.09"]
[Round "2"]
[White "Lopez Forn, Marc"]
[Black "Marques Soriano, Valentin"]
[Result "1-0"]
[WhiteElo "2043"]
[BlackElo "1845"]
[PlyCount "71"]
[EventDate "2011.04.02"]
[EventType "swiss"]
[EventRounds "7"]
[EventCountry "ESP"]
[SourceTitle "CBM 142 Extra"]
[Source "ChessBase"]
[SourceDate "2011.06.27"]
[SourceVersion "1"]
[SourceVersionDate "2011.06.27"]
[SourceQuality "1"]

1. e4 e5 2. Nf3 Nc6 3. d4 exd4 4. Bc4 Be7 5. c3 d6 6. Qb3 Na5 7. Bxf7+ Kf8 8. Qa4 Kxf7 9. Qxa5 c5 10. Qxd8 Bxd8 11. cxd4 Nf6 12. e5 Re8 13. 0-0 dxe5 14. dxe5 Nd7 15. Re1 h6 16. Nc3 Bc7 17. Bf4 Re6 18. Nb5 Bd8 19. Rad1 a6 20. Nd6+ Ke7 21. Nh4 g5 22. Nhf5+ Kf8 23. Bg3 Nb6 24. f4 gxf4 25. Bxf4 Bg5 26. Bg3 Na4 27. h4 Be7 28. Nxe7 Kxe7 29. Rf1 Rg6 30. Rf7+ Ke6 31. Kh2 Nxb2 32. Rdf1 Rg8 33. Nxb7 c4 34. R7f6+ Kd5 35. Rd6+ Ke4 36. Nc5+ 1-0